[Event "Mitropa Cup"]
[Site "Apolda"]
[Date "2024.02.21"]
[Round "7.10"]
[White "Haring, Filip"]
[Black "Brunello, Sabino"]
[Result "0-1"]
[WhiteElo "2449"]
[BlackElo "2510"]
[PlyCount "72"]
[EventDate "2024.02.15"]
[EventType "team-tourn"]
[EventRounds "9"]
[EventCountry "GER"]
[SourceTitle "CB09_2024"]
[SourceDate "2024.02.28"]
[SourceVersion "1"]
[SourceVersionDate "2024.02.28"]
[SourceQuality "1"]
[WhiteTeam "Slovakia"]
[BlackTeam "Italy"]
[WhiteTeamCountry "SVK"]
[BlackTeamCountry "ITA"]

1. e4 c5 2. Nf3 d6 3. d4 cxd4 4. Nxd4 Nf6 5. Nc3 a6 6. h3 e5 7. Nf3 Qc7 8. Bg5 Nbd7 9. a4 h6 10. Be3 Nc5 11. Nd2 Be6 12. Be2 Be7 13. Bg4 0-0 14. 0-0 Rad8 15. Qe2 d5 16. exd5 Nxd5 17. Nxd5 Bxd5 18. Rfd1 f5 19. Bh5 e4 20. b4 Nd7 21. c4 Be6 22. c5 Nf6 23. g3 Nd5 24. Nc4 Nxb4 25. Nd6 Nd3 26. Rdb1 Bxd6 27. cxd6 Rxd6 28. a5 Rc6 29. Bb6 Qd7 30. f3 Bd5 31. Rf1 Qd6 32. Qg2 Rfc8 33. fxe4 Rc2 34. Rf2 Nxf2 35. exd5 Ne4 36. Qf3 Nxg3 0-1

[Event "Wch Blitz"]
[Site "Samarkand"]
[Date "2023.12.30"]
[Round "19"]
[White "Brunello, Sabino"]
[Black "Begmuratov, Khumoyun"]
[Result "1-0"]
[WhiteElo "2500"]
[BlackElo "2371"]
[PlyCount "42"]
[EventDate "2023.12.29"]
[EventType "swiss (blitz)"]
[EventRounds "21"]
[EventCountry "UZB"]
[SourceTitle "CB01_2024"]
[SourceDate "2024.01.03"]
[SourceVersion "1"]
[SourceVersionDate "2024.01.03"]
[SourceQuality "1"]

1. c4 Nf6 2. g3 e5 3. Bg2 d5 4. cxd5 Nxd5 5. Nc3 Nb6 6. Nf3 Nc6 7. 0-0 Be7 8. d3 0-0 9. Be3 Be6 10. Rc1 f6 11. a3 a5 12. Nd2 Rb8 13. Na4 Nxa4 14. Qxa4 Bd5 15. Qb5 Bxg2 16. Kxg2 Qd7 17. Nc4 Ra8 18. Qxb7 Qd5+ 19. Kg1 Rab8 20. Nb6 cxb6 21. Qxc6 Qb3 1-0

[Event "Wch Blitz"]
[Site "Samarkand"]
[Date "2023.12.30"]
[Round "21"]
[White "Brunello, Sabino"]
[Black "Pranesh, M."]
[Result "1-0"]
[WhiteElo "2500"]
[BlackElo "2523"]
[PlyCount "75"]
[EventDate "2023.12.29"]
[EventType "swiss (blitz)"]
[EventRounds "21"]
[EventCountry "UZB"]
[SourceTitle "CB01_2024"]
[SourceDate "2024.01.03"]
[SourceVersion "1"]
[SourceVersionDate "2024.01.03"]
[SourceQuality "1"]

1. d4 d5 2. Bf4 e6 3. e3 Bd6 4. Bg3 h5 5. Nf3 h4 6. Bxd6 Qxd6 7. Nbd2 Nf6 8. c4 c6 9. h3 Nbd7 10. Rc1 e5 11. cxd5 cxd5 12. dxe5 Nxe5 13. Bb5+ Bd7 14. Bxd7+ Nfxd7 15. 0-0 Kf8 16. Qb3 b6 17. Rfd1 Rh5 18. Nxe5 Nxe5 19. f4 Nd7 20. Ne4 Qe7 21. Ng5 Nf6 22. Nf3 Re8 23. Ne5 Kg8 24. Rc6 Rf5 25. Qc2 Ne4 26. Rxd5 Ng3 27. a3 f6 28. Rd7 Qf8 29. Ng6 Rxe3 30. Qc4+ Kh7 31. Nxf8+ Kh6 32. Rd1 Re7 33. Qg8 Ne2+ 34. Kh1 Nxf4 35. Qh7+ Kg5 36. Rc4 Rf7 37. Ne6+ Nxe6 38. Rg4# 1-0

[Event "Wch Blitz"]
[Site "Samarkand"]
[Date "2023.12.29"]
[Round "1"]
[White "Brunello, Sabino"]
[Black "Drazic, Sinisa"]
[Result "1-0"]
[WhiteElo "2500"]
[BlackElo "2264"]
[PlyCount "67"]
[EventDate "2023.12.29"]
[EventType "swiss (blitz)"]
[EventRounds "21"]
[EventCountry "UZB"]
[SourceTitle "CB01_2024"]
[SourceDate "2024.01.03"]
[SourceVersion "1"]
[SourceVersionDate "2024.01.03"]
[SourceQuality "1"]

1. c4 b6 2. e4 Bb7 3. Nc3 c5 4. Nf3 Nf6 5. e5 Ne4 6. Bd3 Nxc3 7. dxc3 e6 8. Bf4 Be7 9. h4 h6 10. Qe2 Qc7 11. 0-0-0 Nc6 12. Rh3 0-0-0 13. Rg3 Rdg8 14. h5 f5 15. Rg6 Bd8 16. g4 Ne7 17. Nh4 Nc6 18. Nf3 fxg4 19. Rxg4 Rf8 20. Nd2 Rxf4 21. Rxf4 Nxe5 22. Be4 Bg5 23. Bxb7+ Kxb7 24. Re4 Nc6 25. Kc2 Rf8 26. Nf3 Bf6 27. Qd3 Rf7 28. Rd2 Kc8 29. Re1 Rf8 30. Qe4 Be7 31. Red1 Bf6 32. Nh4 Rd8 33. Ng6 Kb7 34. Nf8 1-0

[Event "Wch Blitz"]
[Site "Samarkand"]
[Date "2023.12.29"]
[Round "5"]
[White "Brunello, Sabino"]
[Black "Pingin, Artem"]
[Result "0-1"]
[WhiteElo "2500"]
[BlackElo "2419"]
[PlyCount "98"]
[EventDate "2023.12.29"]
[EventType "swiss (blitz)"]
[EventRounds "21"]
[EventCountry "UZB"]
[SourceTitle "CB01_2024"]
[SourceDate "2024.01.03"]
[SourceVersion "1"]
[SourceVersionDate "2024.01.03"]
[SourceQuality "1"]

1. c4 e5 2. g3 c6 3. Nf3 e4 4. Nd4 d5 5. cxd5 Qxd5 6. Nc2 Nf6 7. Nc3 Qe5 8. Bg2 Na6 9. 0-0 Be7 10. Rb1 0-0 11. b4 Nc7 12. Bb2 Qf5 13. Ne3 Qg6 14. Qc2 Bxb4 15. Nxe4 Nxe4 16. Bxe4 f5 17. Bxc6 bxc6 18. Qb3+ Be6 19. Qxb4 f4 20. Ng2 Nd5 21. Qd4 Rad8 22. Qxa7 Rf7 23. Qa4 Bh3 24. Rbe1 Rdf8 25. Be5 Rf5 26. d4 fxg3 27. Bxg3 Rh5 28. e4 Nf4 29. Nxf4 Rxf4 30. Rb1 Bxf1 31. Rb8+ Rf8 32. Qb3+ Qf7 33. Bd6 Bc4 34. Rxf8+ Qxf8 35. Qxc4+ Qf7 36. Qxc6 Rg5+ 37. Kf1 h6 38. h4 Rh5 39. d5 Qf3 40. Qc8+ Kh7 41. Qe6 Rxh4 42. Qf5+ Qxf5 43. exf5 Rd4 44. a3 Rxd5 45. Bb4 Rxf5 46. Ke2 h5 47. Ke3 h4 48. f4 h3 49. Kf3 Rh5 0-1

[Event "Wch Rapid"]
[Site "Samarkand"]
[Date "2023.12.28"]
[Round "11"]
[White "Kovalev, Vladislav"]
[Black "Brunello, Sabino"]
[Result "1/2-1/2"]
[WhiteElo "2582"]
[BlackElo "2500"]
[PlyCount "96"]
[EventDate "2023.12.26"]
[EventType "swiss (rapid)"]
[EventRounds "13"]
[EventCountry "UZB"]
[SourceTitle "CB01_2024"]
[SourceDate "2024.01.03"]
[SourceVersion "1"]
[SourceVersionDate "2024.01.03"]
[SourceQuality "1"]

1. e4 e5 2. Nf3 Nf6 3. Nxe5 d6 4. Nf3 Nxe4 5. d4 d5 6. Bd3 Be7 7. 0-0 Bf5 8. Re1 Nc6 9. Nbd2 Nxd2 10. Qxd2 Bxd3 11. Qxd3 0-0 12. Bf4 Bd6 13. Ng5 g6 14. Qh3 h5 15. Bxd6 Qxd6 16. Qe3 Kg7 17. c3 Qd7 18. h4 Rae8 19. Qf3 Ne7 20. Re5 c6 21. Rae1 Nf5 22. g3 Rxe5 23. dxe5 Re8 24. Qf4 f6 25. exf6+ Kxf6 26. Rxe8 Qxe8 27. Qc7 Qe7 28. Qb8 a6 29. Kf1 Kg7 30. Qc8 Nd6 31. Qb8 Nc4 32. b3 Nd6 33. a4 Nf5 34. Qa7 Kf6 35. Qb8 Kg7 36. Qa7 Kf6 37. Qb6 Qd7 38. b4 d4 39. cxd4 Qxd4 40. Qxb7 Qd1+ 41. Kg2 Ne3+ 42. fxe3 Qe2+ 43. Kg1 Qe1+ 44. Kg2 Qe2+ 45. Kg1 Qe1+ 46. Kh2 Qe2+ 47. Kh3 Qf1+ 48. Kh2 Qf2+ 1/2-1/2

[Event "Wch Rapid"]
[Site "Samarkand"]
[Date "2023.12.28"]
[Round "13"]
[White "Sanal, Vahap"]
[Black "Brunello, Sabino"]
[Result "1/2-1/2"]
[WhiteElo "2595"]
[BlackElo "2500"]
[PlyCount "133"]
[EventDate "2023.12.26"]
[EventType "swiss (rapid)"]
[EventRounds "13"]
[EventCountry "UZB"]
[SourceTitle "CB01_2024"]
[SourceDate "2024.01.03"]
[SourceVersion "1"]
[SourceVersionDate "2024.01.03"]
[SourceQuality "1"]

1. e4 e5 2. Nf3 Nf6 3. d4 Nxe4 4. Bd3 d5 5. Nxe5 Nd7 6. Nc3 Nxe5 7. dxe5 Nxc3 8. bxc3 Bc5 9. Qh5 Be6 10. Rb1 Qc8 11. 0-0 c6 12. Qg5 Kf8 13. Kh1 b5 14. f4 Be7 15. Qg3 Bf5 16. Be3 h5 17. Qf2 a6 18. Bc5 Bxc5 19. Qxc5+ Kg8 20. Bxf5 Qxf5 21. Qxc6 Kh7 22. Qxd5 Rad8 23. Qf3 Rd2 24. Rf2 Rhd8 25. Rbf1 g6 26. h3 Rxc2 27. Rxc2 Qxc2 28. f5 Qxf5 29. Qxf5 gxf5 30. Rxf5 Kg7 31. Rxh5 Rd2 32. Rg5+ Kf8 33. Rf5 Kg7 34. a4 bxa4 35. Rf6 a3 36. Rxa6 a2 37. Kh2 Rc2 38. h4 Kh7 39. h5 Kg7 40. Kg3 Rxc3+ 41. Kf4 Rc2 42. g4 Rf2+ 43. Ke3 Rg2 44. Kf3 Rh2 45. Ra7 Kh6 46. Kg3 Re2 47. Kf4 Rf2+ 48. Ke3 Rh2 49. Ra5 Rg2 50. Kf3 Rh2 51. Ra6+ Kg5 52. Ra5 Kh6 53. Kg3 Re2 54. Kf4 Rf2+ 55. Ke4 Rg2 56. Kf3 Rh2 57. Kg3 Re2 58. Kh3 Rb2 59. Kg3 Re2 60. Ra6+ Kg5 61. h6 Re3+ 62. Kf2 Rh3 63. Ra5 Kxg4 64. Kg2 Rxh6 65. Rxa2 Kf5 66. Ra7 Kxe5 67. Rxf7 1/2-1/2

[Event "Wch Rapid"]
[Site "Samarkand"]
[Date "2023.12.26"]
[Round "4"]
[White "Brunello, Sabino"]
[Black "Bryakin, Mikhail"]
[Result "1-0"]
[WhiteElo "2500"]
[BlackElo "2486"]
[PlyCount "115"]
[EventDate "2023.12.26"]
[EventType "swiss (rapid)"]
[EventRounds "13"]
[EventCountry "UZB"]
[SourceTitle "CB01_2024"]
[SourceDate "2024.01.03"]
[SourceVersion "1"]
[SourceVersionDate "2024.01.03"]
[SourceQuality "1"]

1. c4 e6 2. g3 d5 3. Bg2 Nf6 4. Nf3 Be7 5. 0-0 0-0 6. b3 d4 7. e3 c5 8. exd4 cxd4 9. d3 Nc6 10. Re1 Bd6 11. Na3 e5 12. c5 Bc7 13. Nc4 Re8 14. Bg5 h6 15. Bxf6 Qxf6 16. Nfd2 Bf5 17. Ne4 Bxe4 18. Bxe4 Qe7 19. Rc1 Qxc5 20. Bxc6 Qxc6 21. Nxe5 Qd6 22. Qf3 Qe7 23. Nc4 Qxe1+ 24. Rxe1 Rxe1+ 25. Kg2 Rb8 26. Qd5 Re7 27. a4 b6 28. b4 Rd8 29. Qc6 Red7 30. a5 bxa5 31. bxa5 Bd6 32. f4 Rc7 33. Qb5 Rcd7 34. Kf3 Bc7 35. Qc6 Bd6 36. g4 Rc7 37. Qb5 Rcd7 38. h4 Bc7 39. h5 Bd6 40. g5 hxg5 41. fxg5 Bc7 42. a6 Bb8 43. g6 Rd5 44. Qb7 Rf5+ 45. Ke2 Re8+ 46. Kd1 Rf1+ 47. Kc2 Re2+ 48. Nd2 Bd6 49. Qxa7 Rff2 50. Qa8+ Bf8 51. gxf7+ Rxf7 52. Qd5 Bb4 53. a7 Rxd2+ 54. Kb3 Bf8 55. a8Q Rxd3+ 56. Kc4 Rc3+ 57. Kxd4 Rc1 58. Qxf8+ 1-0

[Event "Wch Rapid"]
[Site "Samarkand"]
[Date "2023.12.26"]
[Round "1"]
[White "Pranesh, M."]
[Black "Brunello, Sabino"]
[Result "1/2-1/2"]
[WhiteElo "2523"]
[BlackElo "2500"]
[PlyCount "64"]
[EventDate "2023.12.26"]
[EventType "swiss (rapid)"]
[EventRounds "13"]
[EventCountry "UZB"]
[SourceTitle "CB01_2024"]
[SourceDate "2024.01.03"]
[SourceVersion "1"]
[SourceVersionDate "2024.01.03"]
[SourceQuality "1"]

1. e4 e5 2. Nf3 Nf6 3. d4 Nxe4 4. Bd3 d5 5. Nxe5 Nd7 6. Nxd7 Bxd7 7. 0-0 Be7 8. Nc3 Nxc3 9. bxc3 0-0 10. Qh5 f5 11. Re1 b5 12. Bf4 c6 13. Re3 g6 14. Qf3 Bf6 15. Rae1 Qa5 16. h4 Bxh4 17. Qh3 Qd8 18. Qh2 Rc8 19. Rh3 g5 20. g3 gxf4 21. Rxh4 fxg3 22. Qxg3+ Kh8 23. Qe5+ Qf6 24. Rh6 Qg7+ 25. Qxg7+ Kxg7 26. Rd6 Rc7 27. Kg2 Rf6 28. Re7+ Rf7 29. Re5 Rf6 30. Re7+ Rf7 31. Re5 Rf6 32. Re7+ Rf7 1/2-1/2

[Event "EU-ch Rapid"]
[Site "Zagreb"]
[Date "2023.12.14"]
[Round "4"]
[White "Brunello, Sabino"]
[Black "Plenkovic, Zdenko"]
[Result "1-0"]
[WhiteElo "2500"]
[BlackElo "2341"]
[PlyCount "65"]
[EventDate "2023.12.14"]
[EventType "swiss (rapid)"]
[EventRounds "11"]
[EventCountry "CRO"]
[SourceTitle "CB51_2023"]
[SourceDate "2023.12.20"]
[SourceVersion "1"]
[SourceVersionDate "2023.12.20"]
[SourceQuality "1"]

1. c4 Nf6 2. g3 g6 3. Bg2 d5 4. cxd5 Nxd5 5. d4 Bg7 6. e4 Nb6 7. Ne2 c5 8. d5 e6 9. 0-0 0-0 10. a4 Na6 11. Na3 exd5 12. exd5 Nb4 13. Nf4 Bd4 14. a5 N6xd5 15. Nxd5 Nxd5 16. Nc2 Nc7 17. Nxd4 cxd4 18. a6 bxa6 19. Bxa8 Nxa8 20. Ra4 Nb6 21. Rxd4 Qf6 22. Bh6 Re8 23. Re1 Be6 24. h4 a5 25. Qd2 a4 26. Rd1 Qe7 27. Rd8 f6 28. Rxe8+ Qxe8 29. Qd6 Kf7 30. Rc1 Nd5 31. Rc4 Qa8 32. Rc5 a5 33. Rxd5 1-0

[Event "ITA-ch 82nd"]
[Site "Brescia"]
[Date "2023.12.04"]
[Round "6"]
[White "Carnicelli, Valerio"]
[Black "Brunello, Sabino"]
[Result "0-1"]
[WhiteElo "2423"]
[BlackElo "2500"]
[PlyCount "62"]
[EventDate "2023.11.28"]
[EventType "tourn"]
[EventRounds "11"]
[EventCountry "ITA"]
[EventCategory "9"]
[SourceTitle "CB50_2023"]
[SourceDate "2023.12.13"]
[SourceVersion "1"]
[SourceVersionDate "2023.12.13"]
[SourceQuality "1"]

1. e4 e5 2. Nf3 Nc6 3. Bc4 Nf6 4. d3 Be7 5. 0-0 0-0 6. Re1 d6 7. a4 a5 8. h3 Be6 9. Nbd2 Nd7 10. Bxe6 fxe6 11. c3 Qe8 12. Nf1 Qg6 13. Be3 b6 14. Ng3 Kh8 15. Rc1 d5 16. b4 Bd6 17. b5 Ne7 18. Rc2 h6 19. Kh2 Rad8 20. Rce2 Rxf3 21. gxf3 Qf7 22. exd5 exd5 23. c4 Ng6 24. Rc2 Nh4 25. Rh1 Nxf3+ 26. Kg2 Nh4+ 27. Kg1 d4 28. Qg4 Nf3+ 29. Kg2 Rf8 30. Bc1 Nc5 31. Rd1 Nxd3 0-1

[Event "ITA-ch 82nd"]
[Site "Brescia"]
[Date "2023.12.01"]
[Round "4"]
[White "Sonis, Francesco"]
[Black "Brunello, Sabino"]
[Result "1/2-1/2"]
[WhiteElo "2577"]
[BlackElo "2500"]
[PlyCount "88"]
[EventDate "2023.11.28"]
[EventType "tourn"]
[EventRounds "11"]
[EventCountry "ITA"]
[EventCategory "9"]
[SourceTitle "CB50_2023"]
[SourceDate "2023.12.13"]
[SourceVersion "1"]
[SourceVersionDate "2023.12.13"]
[SourceQuality "1"]

1. d4 Nf6 2. c4 e6 3. Nc3 d5 4. cxd5 Nxd5 5. e4 Nxc3 6. bxc3 c5 7. a3 cxd4 8. cxd4 e5 9. Nf3 exd4 10. Nxd4 Bc5 11. Bb5+ Bd7 12. 0-0 0-0 13. Bc4 Nc6 14. Nb3 Bb6 15. a4 Ne5 16. Bd5 Qh4 17. Qd2 Bc7 18. f4 Ng4 19. h3 Nf6 20. Ba3 Rfe8 21. Nc5 Bb6 22. a5 Bxc5+ 23. Bxc5 Rad8 24. Qf2 Qxf2+ 25. Bxf2 Nxd5 26. exd5 Bf5 27. Rfd1 Be4 28. d6 Re6 29. Bc5 h5 30. Rd2 b6 31. Bb4 Rd7 32. axb6 axb6 33. Ra6 Bf5 34. Rd5 g6 35. Rxb6 f6 36. Kf2 Kf7 37. Ra5 Re4 38. Kf3 Rc4 39. g4 hxg4+ 40. hxg4 Bc2 41. Rb8 Bd1+ 42. Kg3 g5 43. fxg5 Rxg4+ 44. Kf2 Rxg5 1/2-1/2

[Event "ITA-ch 82nd"]
[Site "Brescia"]
[Date "2023.11.29"]
[Round "2"]
[White "Basso, Pier Luigi"]
[Black "Brunello, Sabino"]
[Result "1/2-1/2"]
[WhiteElo "2483"]
[BlackElo "2500"]
[PlyCount "43"]
[EventDate "2023.11.28"]
[EventType "tourn"]
[EventRounds "11"]
[EventCountry "ITA"]
[EventCategory "9"]
[SourceTitle "CB50_2023"]
[SourceDate "2023.12.13"]
[SourceVersion "1"]
[SourceVersionDate "2023.12.13"]
[SourceQuality "1"]

1. e4 e5 2. Nf3 Nf6 3. d4 Nxe4 4. Bd3 d5 5. Nxe5 Bd6 6. 0-0 0-0 7. c4 Bxe5 8. dxe5 Nc6 9. cxd5 Qxd5 10. Qc2 Bf5 11. Nc3 Nxc3 12. Bxf5 Nd4 13. Bxh7+ Kh8 14. Qd3 Nce2+ 15. Kh1 Qxe5 16. Qh3 Nf4 17. Bxf4 Qxf4 18. Be4+ Qh6 19. Qxh6+ gxh6 20. Bxb7 Rab8 21. Bd5 c6 22. Bc4 1/2-1/2

[Event "Copenhagen Killer Chess op"]
[Site "Copenhagen"]
[Date "2023.10.16"]
[Round "3"]
[White "Arizmendi Martinez, Julen Luis"]
[Black "Brunello, Sabino"]
[Result "1/2-1/2"]
[WhiteElo "2515"]
[BlackElo "2486"]
[PlyCount "52"]
[EventDate "2023.10.14"]
[EventType "swiss"]
[EventRounds "9"]
[EventCountry "DEN"]
[SourceTitle "Mega2024 Update 01"]
[Source "Chessbase"]
[SourceDate "2023.11.12"]
[SourceVersion "1"]
[SourceVersionDate "2023.11.12"]
[SourceQuality "1"]

1. e4 e5 2. Nf3 Nf6 3. Nxe5 d6 4. Nf3 Nxe4 5. d3 Nf6 6. d4 d5 7. Bd3 Bd6 8. 0-0 0-0 9. Bg5 h6 10. Bh4 Nc6 11. c3 Be7 12. Re1 Re8 13. Nbd2 Nh5 14. Bxe7 Rxe7 15. Rxe7 Qxe7 16. g3 Nf6 17. Qb3 Qd6 18. Re1 Ne7 19. Ne5 b6 20. Qd1 Bf5 21. Bxf5 Nxf5 22. Qf3 Qe6 23. Nd3 Qd7 24. Ne5 Qe6 25. Nd3 Qd7 26. Ne5 Qe6 1/2-1/2

[Event "SRB-chT Premier"]
[Site "Bajina Basta"]
[Date "2023.09.26"]
[Round "9.1"]
[White "Brunello, Sabino"]
[Black "Can, Emre"]
[Result "0-1"]
[WhiteElo "2499"]
[BlackElo "2587"]
[PlyCount "82"]
[EventDate "2023.09.18"]
[EventType "team-tourn"]
[EventRounds "11"]
[EventCountry "SRB"]
[SourceTitle "EXT 2024"]
[Source "ChessBase"]
[SourceDate "2023.10.10"]
[SourceVersion "1"]
[SourceVersionDate "2023.10.10"]
[SourceQuality "1"]
[WhiteTeam "Kac Jugovic"]
[BlackTeam "Goracici Jelica"]
[WhiteTeamCountry "SRB"]
[BlackTeamCountry "SRB"]

1. d4 d5 2. Nf3 Nf6 3. Bg5 Ne4 4. Bf4 c5 5. dxc5 Nc6 6. Nbd2 Nxc5 7. e3 g6 8. Bb5 Bg7 9. Be5 Bxe5 10. Nxe5 Qb6 11. Bxc6+ bxc6 12. Nb3 f6 13. Nxc5 fxe5 14. Nb3 a5 15. a4 Be6 16. Qd3 0-0 17. Qc3 d4 18. Qc5 Qb8 19. exd4 Bxb3 20. cxb3 exd4 21. Qxd4 Rf4 22. Qc3 Re4+ 23. Kf1 Qd6 24. h4 Rd8 25. Kg1 Qd5 26. Rc1 Rg4 27. g3 Rb8 28. Qxc6 Qxc6 29. Rxc6 Rxb3 30. h5 Rxb2 31. hxg6 hxg6 32. Re6 Rb1+ 33. Kg2 Rxh1 34. Kxh1 Kf7 35. Ra6 Rxa4 36. Kg2 g5 37. f4 g4 38. Kf2 Ra3 39. Kg2 Ra2+ 40. Kg1 e6 41. Kf1 Kf6 0-1

[Event "SRB-chT Premier"]
[Site "Bajina Basta"]
[Date "2023.09.25"]
[Round "8.6"]
[White "Raahul, VS."]
[Black "Brunello, Sabino"]
[Result "1/2-1/2"]
[WhiteElo "2339"]
[BlackElo "2499"]
[PlyCount "93"]
[EventDate "2023.09.18"]
[EventType "team-tourn"]
[EventRounds "11"]
[EventCountry "SRB"]
[SourceTitle "EXT 2024"]
[Source "ChessBase"]
[SourceDate "2023.10.10"]
[SourceVersion "1"]
[SourceVersionDate "2023.10.10"]
[SourceQuality "1"]
[WhiteTeam "Nova Pazova Mladost"]
[BlackTeam "Kac Jugovic"]
[WhiteTeamCountry "SRB"]
[BlackTeamCountry "SRB"]

1. d4 d5 2. Bf4 c5 3. e3 e6 4. Nf3 Nf6 5. Nbd2 Nc6 6. c3 Qb6 7. Qb3 c4 8. Qc2 Nh5 9. Bg5 h6 10. Bh4 g5 11. Bg3 Bg7 12. Be2 Nxg3 13. hxg3 Bd7 14. e4 f5 15. e5 g4 16. Nh4 Ne7 17. f4 Qc7 18. Kf2 Kf7 19. b3 cxb3 20. axb3 Rhc8 21. Rhc1 a5 22. Nf1 b5 23. Ne3 h5 24. Qd2 Bf8 25. c4 Qb7 26. Rxa5 Rxa5 27. Qxa5 dxc4 28. bxc4 Nc6 29. Qd2 Bb4 30. Qd3 Qa7 31. Rb1 bxc4 32. Qxc4 Bf8 33. Nhxf5 Nxe5 34. Qb3 Nc6 35. d5 Nb4 36. Nh6+ Kg6 37. dxe6 Ba4 38. Qb2 Rc2 39. Qh8 Nd3+ 40. Kf1 Qxe3 41. f5+ Kg5 42. Qg8+ Kf6 43. Qxf8+ Ke5 44. Qb8+ Ke4 45. Bxd3+ Qxd3+ 46. Kg1 Rxg2+ 47. Kxg2 1/2-1/2